| 000 | 00664nam a2200229 a 4500 | ||
|---|---|---|---|
| 005 | 20140310183452.0 | ||
| 008 | 090310s19uu xx 00 eng d | ||
| 020 | _a9780470259559 | ||
| 050 |
_aHD 31 _b.Az984 2008 |
||
| 100 | _aAziza, Bruno | ||
| 245 |
_aDrive business performance : _benabling a culture of intelligent execution / _cBruno Aziza |
||
| 260 |
_aNew Jersey : _bJohn Wiley & Sons, Inc, _c2008. |
||
| 300 |
_a286 p. : _bill. ; _c24 cm. |
||
| 521 | _aBSBA | ||
| 650 | _aBSBA. | ||
| 650 | _aManagement. | ||
| 650 | _aPerformance. | ||
| 650 | _aOrganizational effectiveness. | ||
| 700 | _aFitts, Joey | ||
| 942 |
_cBK _2lcc _kFOR |
||
| 999 |
_c23458 _d23458 |
||